000
00240nam a22000857a 4500
008
160712b xxu||||| |||| 00| 0 eng d
100
_9
2670
_a
Khambadkone, R.M
245
_a
The Summer Tree Contest
260
_a
New Delhi
_b
National Book Trust
_c
2004
999
_c
2323
_d
2323